|
|
|
|
| LEADER |
00768cam a2200217 7i4500 |
| 001 |
0000038236 |
| 005 |
20210105090000.0 |
| 008 |
110308 eng |
| 020 |
|
|
|a 9781405187183 (pbk.)
|
| 090 |
0 |
0 |
|a RT48.6
|b .N87 2009
|
| 245 |
0 |
0 |
|a NANDA International nursing diagnoses :
|b definition and classification
|c edited by T. Heather Herdman.
|
| 260 |
|
|
|a Oxford:
|b Wiley-Blackwell,
|c 2009.
|
| 300 |
|
|
|a xxiii, 435 p.:
|b ill.;
|c 23 cm.
|
| 500 |
|
|
|a Includes index
|
| 650 |
0 |
0 |
|a Nursing diagnosis
|
| 650 |
0 |
0 |
|a Nursing diagnosis --
|x Classification
|
| 650 |
0 |
0 |
|a Diagnosis --
|x Classification
|
| 700 |
1 |
|
|a Herdman, T. Heather
|
| 997 |
|
|
|a Health Sciences, Faculty
|
| 998 |
|
|
|a Nursing, Diploma
|
| 999 |
|
|
|a 0000043474
|b BOK
|c REFERENCE
|e 2nd Floor, Shah Alam
|